Statistics for Games by synonym of title

Click here to take the quiz!

General Stats

  • This quiz has been taken 16 times
  • The average score is 8 of 19

Answer Stats

Synonym or Idea of gameReal game% Correct
Call of jobcall of duty
93%
dig and buildminecraft
93%
dead person’s grave raidertomb raider
93%
amazing red plumber and male siblingsuper Mario bros
87%
Catching animals in a ballPokemon
80%
Radiant circle around angel’s headHalo
73%
excited tireshappy wheels
53%
Ocean of piratesSea of thieves
40%
Build structures to be the last one aliveFortnite
33%
Sun fightStar Wars
33%
Jonathan CandlewickJohn Wick
27%
Killers rulebookAssassins Creed
20%
Above lookOverwatch
20%
The gangThe crew
20%
Gamer Unassigned War AreaPlayer Unknown Battlegrounds
13%
Sun walkStar Trek
13%
Fight on mega-monster (before gods in Greek)Attack on titan
7%
Pinnacle MythsApex legends
0%
Group-dudePAC-MAN
0%

Score Distribution

Percentile by Number Answered

Percent of People with Each Score

Your Score History

You have not taken this quiz